Bilecik Bilecik Bilecik Bilecik Bilecik

Endüstriyel odun zararlıları/ (Record no. 51297)

MARC details
000 -BAŞLIK
Sabit Uzunluktaki Kontrol Alanı 01289nam a22003977a 4500
001 - KONTROL NUMARASI
Control Dosyası 0051474
003 - KONTROL NUMARASI KİMLİĞİ
Kontrol Alanı KOHA_MİRAKIL
005 - EN SON İŞLEM TARİHİ ve ZAMANI
Kontrol Alanı 20260207003807.0
007 - FİZİKSEL TANIM SABİT ALAN - GENEL BİLGİ
Sabit uzunluklu kontrol alanı ta
008 - SABİT UZUNLUKTAKİ VERİ ÖGELERİ - GENEL BİLGİ
Sabit Alan 150629b2007 tu a|||gr||||#||||0|tur |
020 ## - ISBN - ULUSLARARASI STANDART KİTAP NUMARASI
Isbn 9789944770842
040 ## - KATALOGLAMA KAYNAĞI
Özgün Kataloglama Kurumu TR-BiSEU
Kataloglama Dili tur
Çeviri Kurumu TR-BiSEU
Açıklama Kuralları rda
041 0# - DİL KODU
Metin ya da ses kaydının dil kodu tur
044 ## - YAYINLAYAN/ÜRETEN KURULUŞUN ÜLKE KODU
ISO country code tu
050 ## - SINIFLAMA ve YER NUMARASI
Sınıflama Numarası QL482
Yer Numarası .K39 2007
100 1# - KİŞİ ADI
Yazar Adı (Kişi adı) Kaygın, Azize Toper.
245 1# - ESER ADI BİLDİRİMİ
Başlık Endüstriyel odun zararlıları/
Sorumluluk Bildirimi Azize Toper Kaygın ; Azize Toper Kaygın.
264 #1 - ÜRERİM, YAYIN, DAĞITIM ve TELİF BİLDİRİMİ
Yayın yeri Ankara :
Yayınlayan Nobel
Yayın tarihi 2007
300 ## - FİZİKSEL TANIMLAMA
Sayfa, Cilt vb. XII, 243 sayfa :
Diğer fiziki detaylar resimli ;
Boyutları 24 cm.
336 ## - İÇERİK TÜRÜ
Content type term metin
Content type code txt
Source rdacontent
337 ## - MEDYA TÜRÜ
Media type term aracısız
Media type code n
Source rdamedia
338 ## - TAŞIYICI TÜRÜ
Carrier type term cilt
Carrier type code nc
Source rdacarrier
490 1# - DİZİ BİLDİRİMİ
Dizi Bildirimi Nobel yayın no.
490 1# - DİZİ BİLDİRİMİ
Dizi Bildirimi ;
Cilt Numarası 1082.
490 1# - DİZİ BİLDİRİMİ
Dizi Bildirimi Fen ve biyoloji yayınları dizisi ;
Cilt Numarası 31.
650 #0 - KONU BAŞLIĞI EK GİRİŞ - KONU TERİMİ
Konusal terim veya coğrafi ad Orman böcekleri--Türkiye
9 (RLIN) 95776
650 #0 - KONU BAŞLIĞI EK GİRİŞ - KONU TERİMİ
Konusal terim veya coğrafi ad Forest insects--Turkey.
9 (RLIN) 95777
650 #0 - KONU BAŞLIĞI EK GİRİŞ - KONU TERİMİ
Konusal terim veya coğrafi ad Böcek zararlılar--Türkiye
9 (RLIN) 95778
650 #0 - KONU BAŞLIĞI EK GİRİŞ - KONU TERİMİ
Konusal terim veya coğrafi ad Insect pests--Turkey.
9 (RLIN) 95779
650 #0 - KONU BAŞLIĞI EK GİRİŞ - KONU TERİMİ
Konusal terim veya coğrafi ad Tahta--Hastalık ve zararlılar--Türkiye
9 (RLIN) 95780
650 #0 - KONU BAŞLIĞI EK GİRİŞ - KONU TERİMİ
Konusal terim veya coğrafi ad Wood--Virus diseases of citrus--Turkey.
9 (RLIN) 95781
830 1# - SERİ EK GİRİŞİ - TEKBİÇİM ESER ADI
Tekbiçim Başlık Nobel yayın no.
9 (RLIN) 1940
830 1# - SERİ EK GİRİŞİ - TEKBİÇİM ESER ADI
Tekbiçim Başlık ;
Volume number/sequential designation 1082.
9 (RLIN) 1620
830 1# - SERİ EK GİRİŞİ - TEKBİÇİM ESER ADI
Tekbiçim Başlık Fen ve biyoloji yayınları dizisi ;
Volume number/sequential designation 31.
9 (RLIN) 7242
942 ## - EK GİRİŞ ÖGELERİ (KOHA)
Source of classification or shelving scheme Library of Congress Classification
Koha item type Book
Holdings
Materyal Türü Kalıcı Konum Mevcut Konum Raf Yeri Sınıflandırma Kaynağı Edinim Bilgisi Ana Konular Alt Konular Yer Numarası Demirbaş Numarası Fatura Tarihi Maliyet, Alış Fiyatı Maliyet, Yenileme Fiyatı Geri Çekilme Durumu Kayıp Durumu Hasarlı Durumu Kredi için değil Kayıt Tarih Toplam Ödünçverme Son Görülme Tarihi Son Kontrol Tarihi Satın Alma Notu
Book Prof. Dr. Azmi Özcan Kütüphanesi Prof. Dr. Azmi Özcan Kütüphanesi Birûni Salonu Library of Congress Classification Satın BİLİM Zooloji QL482 .K39 2007 0051474 07/07/2015 12.41 12.41         29/06/2015   05/12/2024 05/12/2024 B-984687 - B-984797